| 000 | 00756nam a2200241 a 4500 | ||
|---|---|---|---|
| 008 | |||
| 020 | _a0673177963 | ||
| 049 | _aMAIN | ||
| 090 | _aHB171.5MCC | ||
| 100 | 1 | _aMcCarty, Marilu Hurt. | |
| 245 | 1 | 0 |
_aStudy guide to accompany Dollars and sense : _bAn introduction to economics / _cMarilu Hurt McCarty. |
| 250 | _a3rd ed. | ||
| 260 |
_aGlenview, Ill. : _bScott, Foresman, _cc1982. |
||
| 300 |
_a99 p. ; _c24 cm. |
||
| 504 | _aIncludes bibliographical refences. | ||
| 650 | 0 | _aEconomics. | |
| 740 | 0 | _aDollars and sense :An introduction to economics :Study guide. | |
| 907 |
_a.b10079336 _b31-08-06 _c26-06-03 |
||
| 003 | |||
| 005 | 20230123133310.0 | ||
| 040 | _cNUST | ||
| 942 |
_cBOOKS _kHB171.5MCC |
||
| 999 |
_c146175 _d146175 |
||